| 000 | 00721nam a2200169 4500 | ||
|---|---|---|---|
| 999 |
_c80531 _d80531 |
||
| 008 | 210108b ||||| |||| 00| 0 eng d | ||
| 040 |
_aSTAFF _bger _cSTAFF _erda |
||
| 041 | _ager | ||
| 100 | _aDinse, Ulrich-Christian: | ||
| 245 |
_aDas Frankfurter Rathaus: _bder geschichtsträchtigste Profanbau unserer Stadt; Bericht von der Baustelle _cUlrich-Christian Dinse ; Ralf Fleckenstein |
||
| 264 | _c2020 | ||
| 773 |
_dFrankfurt (Oder): Stadt Frankfurt (Oder) und Büro für Stadtplanung, -forschung und -erneuerung _g(2020), Nr. 28, Dezember, S. 4-5 _tZentrum: Zeitschrift für das Sanierungsgebiet ehemalige Altstadt Frankfurt (Oder) |
||
| 942 | _cA | ||